Word Ladder: 'Siamese' Countries III Quiz Stats

 Plays Quiz Updated Aug 4, 2013

     
Support Sporcle.
Go Orange.
Score 0/20 Timer 05:00
1 Play Today
Hint #1 Answer #1 - #2 % Correct
웃 European country on the Iberian peninsula 웃♢ PORT - UGAL ♢
79.1%
Place for sittingSEAT - AMEN
77.3%
For-, name- or keep-SAKE - SEEN
75.7%
Bundle of paper or hayBALE - EVEN
73.5%
HairlessBALD - EVES
72.5%
Defensive strongholdFORT - URAL
71.3%
WarmthHEAT - OMEN
70.9%
Melon or noggin, in slangHEAD - OVEN
70.5%
Cook breadBAKE - SVEN
70.4%
Machine for gamblingSLOT - ARIA
70.1%
Hint #1 Answer #1 - #2 % Correct
Narrow strip of woodSLAT - AMIN
67.1%
Kept grasp ofHELD - OVER
66.5%
웃 Landlocked Eastern European country 웃♢ SLOV - AKIA ♢
64.5%
Eastern European ethnic group memberSLAV - AKIN
63.2%
웃 Country bordered by India and Iran 웃♢ PAKI - STAN ♢
60.8%
웃 Asian island country in the Indian Ocean 웃♢ MALD - IVES ♢
59.3%
Sock fillerFOOT - ARAL
57.2%
Pen name of English writer H.H. MunroSAKI - SEAN
55%
Chimney residueSOOT - ARIL
54.8%
Show one's hand of cardsMELD - IVER
47.1%

Today's Daily Dose

Get the Picture
Alien TV Shows

From the Vault

Add an Ending

by mrsmith

We're hoping we don't find out that one of these words was a ghost the entire time.
Remove Ads.
Support Sporcle.
Get the best of Sporcle when you Go Orange. This ad-free experience offers more features, more stats, and more fun while also helping to support Sporcle. Thank you for becoming a member.

Show Comments

Extras

Top Quizzes Today


Score Distribution

Your Account Isn't Verified!

In order to create a playlist on Sporcle, you need to verify the email address you used during registration. Go to your Sporcle Settings to finish the process.

Report this User

Report this user for behavior that violates our Community Guidelines.

Details: